MARC

LEADER 00000nab a2200000 ar4500
001 vtls011542882
003 SK-MaSNL
005 20260303082517.0
008 160331c 2014xo mr|p|||||||000 b|slo
038 |a SNSK 
040 |b slo  |c SNSK  |e AACR2 
041 |a slo 
044 |a xo  |c SK 
080 |a 614.21  |x (049.5)  |x (437.672.121.142)  |2 2011 
245 0 0 |a Spišskonovoveská nemocnica najlepšia  |c [autor] Eda 
610 2 7 |a Nemocnica Svet zdravia (Spišská Nová Ves, Slovensko)  |2 snsk  |9 1087497 
650 0 7 |a zdravotné služby  |2 snsk  |9 423682 
650 0 7 |a výskum verejnej mienky  |2 snsk  |9 78756 
650 0 7 |a hodnotenie kvality  |2 snsk  |9 1084549 
651 7 |a Spišská Nová Ves (Slovensko)  |2 snsk  |9 28800 
773 0 |t Ičko. Informátor : kultúrno-spoločenský mesačník mesta Spišská Nová Ves  |g Č. 7/2014, s. 3  |x 1339-049X 
852 |a SNSK  |b KIS3GCP 
856 |u http://www.spisskanovaves.eu/nocache/system/aktuality/detail/article/spisskonovoveska-nemocnica-najlepsia/1596/index.html?cHash=94e83e4f482b5b57e2a9040c919119ea 
999 |c 1788152  |d 1790082